Statistics for Byene/Tettstedene i Oppland over 2,000 innbyggere

Click here to take the quiz!

General Stats

  • This quiz has been taken 20 times
  • The average score is 5 of 11

Answer Stats

BefolkningBy% Correct
20,400Lillehammer
100%
20,112Gjøvik
89%
2,588Vinstra
78%
7,315Raufoss
56%
4,672Brandbu / Jaren
39%
2,964Dokka
39%
2,076Hov
33%
4,747Jevnaker
33%
2,055Kapp
33%
2,280Harestua
11%
2,004Granrudmoen
6%

Score Distribution

Percentile by Number Answered

Percent of People with Each Score

Your Score History

You have not taken this quiz